Proceedings (Record no. 480111)

000 -LEADER
fixed length control field 00447cam a22001457a 4500
008 - FIXED-LENGTH DATA ELEMENTS--GENERAL INFORMATION
fixed length control field 180718b1980 xxu||||| |||| 00| 0 eng d
082 ## - DEWEY DECIMAL CLASSIFICATION NUMBER
Classification number I548 In8p
245 ## - TITLE STATEMENT
Title Proceedings
Statement of responsibility, etc. by International Seminar of Journalists in Tashkent
260 ## - PUBLICATION, DISTRIBUTION, ETC.
Place of publication, distribution, etc. Moscow
Name of publisher, distributor, etc. Novosti Press Agency
Date of publication, distribution, etc. 1980
300 ## - PHYSICAL DESCRIPTION
Extent 150p.
500 ## - GENERAL NOTE
General note Seminar held 3-9 Sept. 1979
650 ## - SUBJECT ADDED ENTRY--TOPICAL TERM
Topical term or geographic name entry element Journalism
650 ## - SUBJECT ADDED ENTRY--TOPICAL TERM
Topical term or geographic name entry element Press
700 ## - ADDED ENTRY--PERSONAL NAME
Personal name International Seminar of Journalists in Tashkent
Holdings
Withdrawn status Lost status Damaged status Not for loan Permanent Location Current Location Date acquired Full call number Barcode Date last seen Price effective from Koha item type
        Indian Institute of Public Administration Indian Institute of Public Administration 2018-08-04 I548 In8p GR10534 2018-08-04 2018-08-04 GR

Powered by Koha